000 00748na a2200241 4500
001 18510
003 MIRAKIL
005 20181213155036.0
008 161121b tu 000 0
040 _aMilas
_btur
_cTR-AnCHP
041 _atur
_aeng
082 _a323.06
_bU35u [t.y.]
090 _a323.06 U35u [t.y.]
110 _aUHİM
245 _aUluslararası Hak İhlalleri İzleme Merkezi
_b=International Center for Watching Violation of Rights
_cUHİM
260 _a[y.y.]
_bUHİM
_c[t.y.]
300 _a21 s.
_c21x19 sm.
546 _aMetinler Türkçe-İngilizce karşılıklıdır.
600 _aUHİM
_xTanıtım
650 _aHak ihlalleri
_xKurumlar
710 _aUluslararası Hak İhlalleri İzleme Merkezi
942 _2ddc
_cBKS
999 _c5429
_d5429